000 00152nam a22000857a 4500
082 _a823
100 _aENID BLYTON
245 _a8 O CLOCK TALES
942 _cBK
999 _c8506
_d8506